La rentrée en scène du Japon : La politique japonaise face aux États-Unis depuis 1945

Spremljeno u:
Bibliografski detalji
Glavni autor: Fistié, Pierre
Format: Knjiga
Jezik:Undetermined
Izdano: Paris Armand Colin 1972
Teme:
Oznake: Dodaj oznaku
Bez oznaka, Budi prvi tko označuje ovaj zapis!
Thư viện lưu trữ: Trung tâm Học liệu Trường Đại học Cần Thơ
LEADER 00577nam a2200205Ia 4500
001 CTU_110071
008 210402s9999 xx 000 0 und d
082 |a 327.52 
082 |b F543 
100 |a Fistié, Pierre 
245 0 |a La rentrée en scène du Japon : 
245 0 |b La politique japonaise face aux États-Unis depuis 1945 
245 0 |c Pierre Fistié 
260 |a Paris 
260 |b Armand Colin 
260 |c 1972 
650 |a Japan 
650 |x Relations,Foreign countries 
904 |i Minh 
980 |a Trung tâm Học liệu Trường Đại học Cần Thơ